[Event "Barcelona Sant Marti op-B 20th"]
[Site "Barcelona"]
[Date "2018.07.18"]
[Round "6"]
[White "Zhou, Luyu"]
[Black "Mas Sayos, Lluis"]
[Result "1-0"]
[WhiteElo "1542"]
[BlackElo "1687"]
[PlyCount "135"]
[EventDate "2018.07.13"]
[EventType "swiss"]
[EventRounds "9"]
[EventCountry "ESP"]
[SourceTitle "EXT 2019"]
[Source "ChessBase"]
[SourceDate "2018.10.10"]
[SourceVersion "1"]
[SourceVersionDate "2018.10.10"]
[SourceQuality "1"]

1. e4 c5 2. Nf3 g6 3. Bc4 Bg7 4. c3 Nf6 5. e5 Ng4 6. d4 Nh6 7. 0-0 e6 8. Bg5 Qb6 9. Qc1 Nf5 10. Bd3 d5 11. Nbd2 Nc6 12. Bxf5 gxf5 13. Nb3 cxd4 14. cxd4 Bd7 15. Qd2 h6 16. Bf6 Bxf6 17. exf6 Qd8 18. Nc5 Bc8 19. Ne5 Qxf6 20. f4 Qg7 21. Rf3 Rg8 22. Re1 Nxe5 23. fxe5 b6 24. Nd3 h5 25. Rg3 Qh7 26. Ree3 Rxg3 27. Rxg3 Ba6 28. Nf4 Kd7 29. Rh3 h4 30. Qb4 Rc8 31. Qa4+ Ke7 32. Qxa6 Rc1+ 33. Kf2 Qh6 34. Qxa7+ Kf8 35. Qb8+ Kg7 36. g3 Qh8 37. Qxh8+ Kxh8 38. Rxh4+ Kg8 39. Nd3 Rc2+ 40. Ke3 Kg7 41. g4 fxg4 42. Rxg4+ Kh7 43. h3 Rh2 44. Rg3 Rh1 45. Kf4 Rf1+ 46. Rf3 Rg1 47. h4 Kh6 48. Rh3 Rf1+ 49. Ke3 Kg6 50. Rg3+ Kh5 51. Rf3 Rg1 52. Rxf7 Rg3+ 53. Kd2 Rg4 54. Kc3 Kxh4 55. Rf6 Kg3 56. Rxe6 Kf3 57. Rf6+ Ke3 58. Rf4 Rg8 59. e6 Rc8+ 60. Kb4 Kxd3 61. Rf6 Kxd4 62. e7 Re8 63. Re6 Kd3 64. Kb5 d4 65. Kxb6 Kc2 66. Kc7 d3 67. Kd7 d2 68. Rd6 1-0

[Event "Barcelona Sant Marti op-B 20th"]
[Site "Barcelona"]
[Date "2018.07.15"]
[Round "3"]
[White "Membrives Cano, Diego"]
[Black "Zhou, Luyu"]
[Result "0-1"]
[WhiteElo "1262"]
[BlackElo "1542"]
[PlyCount "40"]
[EventDate "2018.07.13"]
[EventType "swiss"]
[EventRounds "9"]
[EventCountry "ESP"]
[SourceTitle "EXT 2019"]
[Source "ChessBase"]
[SourceDate "2018.10.10"]
[SourceVersion "1"]
[SourceVersionDate "2018.10.10"]
[SourceQuality "1"]

1. d4 Nf6 2. Bf4 e6 3. e3 b6 4. c4 Bb7 5. Nf3 c5 6. Bd3 Be7 7. Nc3 Nc6 8. d5 exd5 9. cxd5 Nb4 10. d6 Bf8 11. Nb5 Nfd5 12. e4 Nxd3+ 13. Qxd3 Nxf4 14. Qc4 Ne6 15. Ne5 Qf6 16. Nc7+ Nxc7 17. dxc7 Qxe5 18. 0-0-0 Qxc7 19. Rd2 Be7 20. Kc2 0-0 0-1